000 00813nam a2200229 i 4500
001 88805
003 ES-MaACL
005 20230906175935.0
007 t|
008 041213s1972 sp ||||1| spa d
080 _a17.037
100 1 _aNietzsche, Friedrich,
_d1844-1900
_985718
245 1 0 _aAsí habló Zaratustra
_b: un libro para todos y para nadie /
_cFriedrich Nietzsche ; introducción, traducción y notas de Andrés Sánchez Pascual.
260 _aMadrid :
_bAlianza Editorial,
_c[1972]
300 _a471 p. ;
_c18 cm.
490 1 _aEl libro de bolsillo. Historia ;
_v377
650 1 4 _aNihilismo (Filosofía)
_915540
700 1 _aSánchez Pascual, Andrés.
_9102833
830 0 _aEl libro de bolsillo. Historia ;
_v377
_9179835
852 _aES-MaACL
_jE-10626
_bR.134752
999 _c88805
_d88805